00445nam a22001457a 450000500170000000800410001702000150005804100130007308200140008610000250010024500560012526000650018130000280024665000250027420231108134010.0231108b |||||||| |||| 00| 0 eng d a0908423101 aEnglish  a346.2 QUA aQuail, GP lEnglish  aThe Building Contract 1981 Supplement / cGP Quail  aPietermaritzburg : bBuilding Publications (Pty) Ltd, c1981 b253 pages ; c25,5 cm.  aLegal practice bLaw